00519nam a22001457a 4500003000400000005001700004008004100021040001400062100003500076245008700111260001000198300003000208500010900238504002600347OSt20171010095446.0120615t xxu||||| |||| 00| 0 eng d aMMSUcULS aArcangel, Marchita T., et al.  aImprovement of the computerized examination checkercMarchita T. Arcangel, et al.  c2007  axi, [70] leaves c28 cm.  aThesis (BS Computer Engineering) -- Mariano Marcos State University-College of Engineering, Batac City  aBibliography: leaf 44